Welcome to the Holygrace Academy Library

Please use search bar below to get started

VAYALARUM VAALKAMBIYUM (Record no. 4803)

MARC details
000 -LEADER
fixed length control field 00274nam a22001337a 4500
082 ## - DEWEY DECIMAL CLASSIFICATION NUMBER
Classification number 894.812
Item number BAS/V
100 ## - MAIN ENTRY--AUTHOR NAME
Personal name BASHEER,C.T
245 ## - TITLE STATEMENT
Title VAYALARUM VAALKAMBIYUM
260 ## - PUBLICATION, DISTRIBUTION, ETC. (IMPRINT)
Place of publication KOZHIKODE
Name of publisher MEEVEL BOOKS
300 ## - PHYSICAL DESCRIPTION
Number of Pages 103
520 ## - SUMMARY, ETC.
Summary, etc NOVEL
650 ## - SUBJECT ADDED ENTRY--TOPICAL TERM
Topical Term NOVEL
942 ## - ADDED ENTRY ELEMENTS (KOHA)
Koha item type Books

No items available.